Quess the thaï bl by its cast - Statistics

General Stats
  • This quiz has been taken 50 times
  • The average score is 13 of 20
Answer Stats
Hint Answer % Correct
Pond, Phuwin, Perth, Santa, William, Est, Bonnie Me and Thee
100%
Teetee, Por, North, Otto, Wave, Hugh, Thi Duang with you
97%
New, Zee, Nat, Max, Tutor, Yim, Poppy Cutie pie
94%
Mile, Apo, Bibble, Build, Jeff, Barcode, Tong Kinnporsche
94%
Boss, Noeul, Fort, Peat Love in the air
91%
Earth, Mix, Aou, Boom, Gawin, Joss, Yatch, Neo, Fluke Only friends dream on
86%
Pavel, Pooh, Nut, Sailub, Pon, Ping Pitbabe
83%
Gemini, Fourth, Satang, Winny, Prom, Aun, Captain, Ford, Mark My school president
74%
Off, Gun, First, Mond, Gawin, Papang, Sing, Film Not me
74%
Krist, Singto, New, Neen, Gunsmile, Fluke Sotus
66%
Winny, Satang, Neo, Mint, Mond, Ryu, Namtan, Gawin That summer
66%
Jimmy, Sea, Neo, Aou, Boom, Pepper, Ohm, Nanon Vice versa
60%
Ohm, Fluke, Earth, Kao, Boun, Prem, Sammy, Bosston Until we meet again
54%
Smart, Boom, Toey, Peanut, Euro, Namwaan Top form
51%
Billkin, PP Krit, Nat, Smile, Khunpol, Dream I told sunset about you
43%
Santa, Earth, Prem, Afterday, fairy, Peak My only 12%
37%
Joong, Dunk, Peper, JJ, Winny, Satang, Thor, Pawin Star in my mind
37%
Mew, Gulf, Hiter, Kokliang, Mild, Tong Tharntype
37%
Billy, Seng, Suprise, Sky, Opp, Nutt, Becky, Freen Secret crush on you
14%
Ja, First, Title, Bosston, Jo, Dada, Thongthong Be mine superstar
6%
No matching quizzes found
Score Distribution
Percent of People with Each Score
Percentile by Number Answered
Your Score History
You have not taken this quiz